| 000 | 01605namaa2200397 i 4500 | ||
|---|---|---|---|
| 003 | EG-GICUC | ||
| 005 | 20260617124638.0 | ||
| 008 | 260617s2011 ua ||||gr|||| 000 0 ara d | ||
| 017 |
_a2011 / 5052 _bدار الكتب والوثائق القومية(مصر) |
||
| 020 | _a9789777044947 | ||
| 040 |
_aEG-GiCUC _bara _cEG-GiCUC _dEG-GiCUC _erda |
||
| 041 |
_aara _heng |
||
| 082 | 0 | 4 |
_221 _a509 _bF246 |
| 092 | 0 | 4 |
_221 _a509 _bF246 |
| 099 | _a509 F246 | ||
| 100 | 1 |
_aفارنتن، بنيامين، _d1891-1974 _eمؤلف. |
|
| 240 | 1 |
_aGreek science _lArabic |
|
| 245 | 1 | 2 |
_aالعلم الإغريقي / _cتأليف بنيامين فارنتن ؛ ترجمة أحمد شكري سالم ؛ مراجعة حسين كامل أبو الليف. |
| 250 | _aالطبعة الأولى. | ||
| 264 |
_aالقاهرة : _bالمركز القومي للترجمة، _c2011. |
||
| 300 |
_aمجلدات ؛ _c24 سم |
||
| 336 |
_2rdacontent _atext |
||
| 337 |
_2rdamedia _aUnmediated |
||
| 338 |
_2rdacarrier _avolume |
||
| 490 |
_aميراث الترجمة ؛ _vالعدد 1881 |
||
| 500 | _aالمكتبة تقتني الجزء الاول فقط. | ||
| 504 | _aيشتمل على ارجاعات ببليوجرافية. | ||
| 541 |
_aد. جابر عصفور ؛ _bالقاهرة ؛ _cإهداء ؛ _d2024. |
||
| 650 | 1 |
_aالعلوم _xتاريخ _2qrmak |
|
| 650 | 1 |
_aالعلوم _xتاريخ _zاليونان |
|
| 651 | 1 | _2qrmak | |
| 700 | 1 |
_aسالم، أحمد شكري _eمترجم. |
|
| 700 | 1 |
_aأبو الليف، حسين كامل _eمراجع. |
|
| 905 | _aAsmaa | ||
| 942 |
_2ddc _cBK _e21 _n0 |
||
| 999 |
_c180560 _d180560 |
||